000 00762nam a2200217 i 4500
001 125217
003 ES-MaACL
005 20251115063303.0
007 t|
008 070507s1935 sp ||||1| spa d
100 1 _aMuñoz Seca, Pedro,
_d1881-1936
_984499
245 1 3 _aEl rey negro
_b: cuento en tres actos dividido en nueve cuadros /
_cPedro Muñoz Seca ; dibujos de Agustín Segura.
260 _aMadrid :
_bRivadeneyra,
_c1935.
300 _a80 p. :
_bil. ;
_c17 cm.
490 1 _aLa Farsa ;
_v403
500 _aEstrenado en el Teatro de la Comedia de Madrid el 11 de diciembre de 1934.
700 1 _aSegura, Agustín.
_9105196
830 0 _aLa Farsa ;
_v403
_9185863
852 _aES-MaACL
_j2226-F-10
_bR.140799
999 _c125217
_d125217